| 000 | 01172nam0a22002651 4500 | ||
|---|---|---|---|
| 001 | rc\749780 | ||
| 005 | 20260406184833.0 | ||
| 035 | _a(NLR Aleph) 006278399 | ||
| 090 |
_a7023511 _c7023511 |
||
| 100 | _a20040301d1985 |||y0rusy50 ca | ||
| 101 | 0 | _arus | |
| 102 | _aRU | ||
| 105 | _aa ||||||||| | ||
| 200 | 1 |
_aВопросы отбора и комплектования сборных юношеских команд по футболу _eСб. науч. тр. _fВолгогр. гос. ин-т физ. культуры _g[Отв. ред. Сучилин А.А.] |
|
| 210 |
_aВолгоград _cВГИФК _d1985 |
||
| 215 |
_a64 с. _cил. _d20 |
||
| 606 | 0 |
_aФутбол _xСпортивный отбор _91870127 _3RU\NLR\AUTH\661139856 |
|
| 702 | 1 |
_4280 _7ca _8rus _aСучилин _bА. А. _cд-р пед. наук _f1935-2022 _gАнатолий Александрович _9197352 _3RU\NLR\AUTH\770197403 |
|
| 712 | 0 | 2 |
_aВолгоградский институт физической культуры _9396363 _3RU\NLR\AUTH\889950286 |
| 801 | 0 |
_aRU _bNLR _gpsbo |
|
| 801 | 1 |
_aRU _bELAR _2rusmarc |
|
| 852 |
_aNLR _j86-4/16915 |
||
| 942 | _cBOOK | ||
| 980 | _aNB | ||